| 000 | 01218cam a22003617a 4500 | ||
|---|---|---|---|
| 001 | 14991621 | ||
| 003 | OSt | ||
| 005 | 20160322143917.0 | ||
| 008 | 070901s2007 nyu j 000 1 eng | ||
| 010 | _a 2007280015 | ||
| 020 | _a9780439906517 | ||
| 040 |
_aDLC _cDLC |
||
| 050 | 0 | 0 | _aCPB Box no. 2756 vol. 17 |
| 050 | 0 | 0 |
_aPZ 7 _b.B632 2007 |
| 082 |
_aFIC B56 _b2007 |
||
| 100 | 1 |
_aBlade, Adam. _920619 |
|
| 245 | 1 | 0 |
_aFerno, the fire dragon / _cAdam Blade ; illustrated by Ezra Tucker. |
| 260 |
_aNew York : _bScholastic, _c2007. |
||
| 300 |
_a78 p. ; _c20 cm. |
||
| 490 | 0 |
_aBeast quest ; _v1 |
|
| 490 | 0 | _aA little apple paperback | |
| 500 | _a"Exclusive poster inside"--Cover. | ||
| 650 | _aDragons -- Juvenile fiction. | ||
| 650 | _aQuests (Expeditions) -- Juvenile fiction. | ||
| 650 | _aBoys -- Juvenile fiction. | ||
| 655 | 7 |
_aChildren's stories. _2lcsh _93012 |
|
| 700 | 1 |
_aTucker, Ezra N., _eill. _920620 |
|
| 710 | 2 |
_aCopyright Paperback Collection (Library of Congress) _5DLC _9705 |
|
| 906 |
_a7 _bcbc _corignew _d4 _encip _f20 _gy-gencatlg |
||
| 942 |
_2lcc _cBK |
||
| 999 |
_c11565 _d11565 |
||